000 003320000a22001450004500
003 MACL
040 _aMACL
090 _c8030
_d8029
100 _aLebowitz, Michael A.
245 _aBuild It Now : Socialism For The Twenty-First Century
260 _bDanish Books
_c2006
350 _a250
650 _aSociology
942 _cBOOK
_k300
999 _c7980
_d7980